[Event "Padova Weekend op-B 8th"]
[Site "Padova"]
[Date "2005.12.18"]
[Round "6.24"]
[White "Badiale, Riccardo"]
[Black "Adami, Igor"]
[Result "1-0"]
[WhiteElo "1729"]
[BlackElo "1616"]
[PlyCount "67"]
[EventDate "2005.12.10"]
[EventType "swiss"]
[EventRounds "6"]
[EventCountry "ITA"]
[SourceTitle "EXT 2024"]
[Source "ChessBase"]
[SourceDate "2023.10.10"]
[SourceVersion "1"]
[SourceVersionDate "2023.10.10"]
[SourceQuality "1"]

1. d4 Nf6 2. c4 d5 3. Nc3 e6 4. e3 b6 5. Nf3 Nbd7 6. Bd3 Bb7 7. 0-0 Be7 8. cxd5 Nxd5 9. Nxd5 Bxd5 10. e4 Bb7 11. Bf4 0-0 12. Rc1 c5 13. Qc2 Rc8 14. d5 exd5 15. exd5 Nf6 16. Rcd1 Bd6 17. Bg5 h6 18. Bh4 Be7 19. Rfe1 g5 20. d6 Bxd6 21. Bg3 Kg7 22. Bxd6 Qxd6 23. Bf5 Qc7 24. Bxc8 Rxc8 25. Qc3 Rd8 26. Qe5 Qc8 27. Rxd8 Qxd8 28. Qc3 g4 29. Qd2 Qc7 30. Nh4 Qc6 31. Qf4 h5 32. Nf5+ Kh8 33. Qh6+ Nh7 34. Qg7# 1-0

[Event "Padova op-A 6th"]
[Site "Padova"]
[Date "2003.12.18"]
[Round "6.14"]
[White "Adami, Igor"]
[Black "Fragni, Enrico"]
[Result "0-1"]
[WhiteElo "1500"]
[BlackElo "1447"]
[PlyCount "100"]
[EventDate "2003.12.13"]
[EventType "swiss"]
[EventRounds "9"]
[EventCountry "ITA"]
[SourceTitle "EXT 2024"]
[Source "ChessBase"]
[SourceDate "2023.10.10"]
[SourceVersion "1"]
[SourceVersionDate "2023.10.10"]
[SourceQuality "1"]

1. d4 c6 2. e4 d6 3. Nc3 Qc7 4. Nf3 e5 5. dxe5 dxe5 6. a3 Bg4 7. Be2 Be7 8. Be3 Nd7 9. 0-0 Ngf6 10. Nd2 Bxe2 11. Qxe2 0-0 12. Rfd1 b5 13. b4 a5 14. Rdb1 axb4 15. axb4 Rxa1 16. Rxa1 Bxb4 17. Ncb1 Qd6 18. f3 Bc5 19. Kf1 Rd8 20. Bxc5 Nxc5 21. Nb3 Nxb3 22. cxb3 Qd4 23. Ra2 Kf8 24. Rd2 Qb6 25. Qd1 Rd4 26. Rxd4 exd4 27. b4 c5 28. bxc5 Qxc5 29. Ke2 Ke7 30. Nd2 Qc3 31. Nf1 Nd7 32. Qd3 b4 33. Qxc3 dxc3 34. Kd3 Nc5+ 35. Kc2 Kd6 36. Ne3 Kc6 37. Nd5 Kb5 38. Ne3 Ka4 39. Kb1 Kb3 40. e5 Nd3 41. g3 Nxe5 42. f4 Nf3 43. h3 Nd2+ 44. Kc1 Nc4 45. Nc2 Na3 46. Nd4+ Kc4 47. Nc2 Nxc2 48. Kxc2 Kd4 49. g4 Ke4 50. f5 Kf4 0-1